Objective biology for neet 2021: (Record no. 181543)

MARC details
000 -LEADER
fixed length control field 00684nam a22002057a 4500
005 - DATE AND TIME OF LATEST TRANSACTION
control field 20220216143919.0
010 ## - LCCN (DPL NO)
LC control number ENG-129950-129951
020 ## - INTERNATIONAL STANDARD BOOK NUMBER
International Standard Book Number 978-93-903-9479-1
Terms of availability 650.00( vol.1)
020 ## - INTERNATIONAL STANDARD BOOK NUMBER
International Standard Book Number 978-93-903-9480-7
Terms of availability 599.00 (vol.2)
035 ## - SYSTEM CONTROL NUMBER
System control number EN-113482 -83
037 ## - SOURCE OF ACQUISITION
Source of stock number/acquisition DBAD/PUB
082 ## - DEWEY DECIMAL CLASSIFICATION NUMBER
Classification number 574
100 ## - MAIN ENTRY--PERSONAL NAME
Personal name Rajiv Vijay
245 ## - TITLE STATEMENT
Title Objective biology for neet 2021:
Remainder of title National eligibility cum entrance test/
Statement of responsibility, etc by Rajiv Vijay
250 ## - EDITION STATEMENT
Edition statement 5th. ed.
260 ## - PUBLICATION, DISTRIBUTION, ETC. (IMPRINT)
Name of publisher, distributor, etc Pearson
Place of publication, distribution, etc India
Date of publication, distribution, etc 2021
270 ## - ADDRESS
City Noida
Postal code 201301
Address 15th floor,tower-B,word trade tower plot no.1,Block-c,sector-16
300 ## - PHYSICAL DESCRIPTION
Extent v.p.
Dimensions 25cm(pbk)
Other physical details vol.1-2
942 ## - ADDED ENTRY ELEMENTS (KOHA)
Source of classification or shelving scheme Dewey Decimal Classification
Item type English Books
Classification part 574
Call number suffix VIJ
Holdings
Withdrawn status Lost status Not for loan Collection code Home library Current library Date acquired Source of acquisition Cost, normal purchase price Full call number Barcode Copy number Cost, replacement price Koha item type
      Non-fiction Ashok Vihar Ashok Vihar 21/09/2021 DBAD/PUB 650.00 574 VIJ EN-113482 1 650.00 English Books
      Non-fiction Ashok Vihar Ashok Vihar 21/09/2021 DBAD/PUB 599.00 574 VIJ EN-113483 1 599.00 English Books

© Delhi Public Library
Hit Counter
free hit counter